000 00214nam a22000857a 4500
999 _c11028
_d11028
008 180727b ||||| |||| 00| 0 eng d
100 _aDickens
_96813
245 _aA Christmas Carol
260 _aNew Delhi
_bCampfire
_c2016